Anteproyecto de una subestación de distribución para la ciudad de Linares, Nuevo León, México

Bewaard in:
Bibliografische gegevens
Hoofdauteur: Ferraro Quesada, Rafael Angel
Formaat: Onbekend
Gepubliceerd in: [San José, Costa Rica] 1966
Onderwerpen:
Tags: Voeg label toe
Geen labels, Wees de eerste die dit record labelt!

MARC

LEADER 00000 a2200000 4500
003 011190
005 20221231143810.0
008 140114s1966 c a m 000 ||s d
040 |c cru CEDI 
090 |a TFG 227 
100 |a Ferraro Quesada, Rafael Angel  |9 17605 
245 |a Anteproyecto de una subestación de distribución para la ciudad de Linares, Nuevo León, México 
260 |c 1966  |a [San José, Costa Rica] 
300 |a  56 hojas, diagramas (plegables) ; 28 cm  
500 |a  Tesis de incorporación (Ingeniero mecánico electricista) Universidad de Costa Rica.  
650 |x CENTRALES ELECTRICAS  |9 17606 
942 |c TFG 
999 |c 12155  |d 12155